00531nam a2200145Ia 4500008004100000100001700041245004200058245007400100260004900174260000900223650001300232856004800245999001900293952007300312170221s9999 xx 000 0 und d aLukka, Ville aAttitudes toward Facebook advertising cVille Lukka, Bangkok University; Paul T.J. James, Bangkok University. bJournal of Management and Marketing Research c2015 xBusiness uhttp://www.aabri.com/manuscripts/131602.pdf c309343d309343 001040aCLbCLd2017-02-21l0r2017-02-21 00:00:00w2017-02-21yFOJ